Principles of construction management for engineers and managers (Record no. 77305)

MARC details
000 -LEADER
fixed length control field 00654nam a2200145 a 4500
008 - FIXED-LENGTH DATA ELEMENTS--GENERAL INFORMATION
fixed length control field 120416s1966 ||||||||||||||||| || u
050 ## - LIBRARY OF CONGRESS CALL NUMBER
Classification number TA 190 Pil
100 ## - MAIN ENTRY--PERSONAL NAME
Personal name Pilcher, Roy
245 10 - TITLE STATEMENT
Title Principles of construction management for engineers and managers
260 ## - PUBLICATION, DISTRIBUTION, ETC.
Place of publication, distribution, etc. London
Name of publisher, distributor, etc. McGraw-Hill
Date of publication, distribution, etc. 1966
300 ## - PHYSICAL DESCRIPTION
Extent xii, 382p. : ill.
350 ## -
-- 0.00
995 ## -
-- ANNEX COLLECTION (Main Library)
-- 0.00
-- 717530
-- CBU-MAIN LIBRARY (Kitwe)
-- 1
-- 4.25
-- TA 190 Pil
-- 1
-- AVAILABLE
-- 014588
-- Annex Low-Usage Collection
995 ## -
-- BINDERY (DAMAGED)
-- 0.00
-- 718305
-- CBU-MAIN LIBRARY (Kitwe)
-- 2
-- 4.25
-- TA 190 Pil
-- 2
-- DAMAGED
-- 014591
-- Main Library Open Access Collection
999 ## -
-- 77305
-- 77305
Holdings
Withdrawn status Lost status Source of classification or shelving scheme Damaged status Not for loan Permanent Location Current Location Shelving location Date acquired Total Checkouts Full call number Barcode Date last seen Copy number Price effective from Koha item type
          CBU-MAIN LIBRARY, KITWE. CBU-MAIN LIBRARY, KITWE.   04/25/2023   TA 190 Pil 014588 04/25/2023 1 04/25/2023 MONOGRAPH
          CBU-MAIN LIBRARY, KITWE. CBU-MAIN LIBRARY, KITWE.   04/25/2023   TA 190 Pil 014591 04/25/2023 2 04/25/2023 MONOGRAPH